000 00423nam a2200145Ia 4500
008 230917s9999||||xx |||||||||||||| ||und||
040 _e127538
_aMAIN
041 _aEnglish
082 _a342 T199M:N
100 _aTaxman
245 0 _aNatural justice judicial review and administrative law with special reference to law of income tax
260 _aDelhi
_bTaxman Allied Services
_c1999
300 _a433 p.
942 _cBK
999 _c111828
_d111828